书目信息 |
| 题名: |
字体与版式设计
|
|
| 作者: | 刘璐 编著 | |
| 分册: | ||
| 出版信息: | 北京 海洋出版社 2014 |
|
| 页数: | 218页 | |
| 开本: | 25cm | |
| 丛书名: | ||
| 单 册: | ||
| 中图分类: | J292.13 , TS881 | |
| 科图分类: | ||
| 主题词: | 美术字--教材--字体--高等学校--设计 , 版式--教材--高等学校--设计 | |
| 电子资源: | ||
| ISBN: | 978-7-5027-8836-0 | |
| 000 | 00996nam0 2200277 450 | |
| 001 | 3399 | |
| 005 | 20160926082916.31 | |
| 010 | @a978-7-5027-8836-0@b平装@dCNY45.00 | |
| 100 | @a20140729d2014 em y0chiy50 ea | |
| 101 | 0 | @achi |
| 102 | @aCN@b110000 | |
| 105 | @aa z 000yy | |
| 200 | 1 | @a字体与版式设计@9zi ti yu ban shi she ji@dFont and layout design@zeng@f刘璐编著 |
| 210 | @a北京@c海洋出版社@d2014 | |
| 215 | @a218页@c图@d25cm@e1光盘 | |
| 300 | @a附光盘 | |
| 307 | @a附光盘:ISBN 978-7-900263-98-8 | |
| 330 | @a本书主要介绍了字体与版式设计的应用领域、东西方主要文字的字体类型、字体的造型结构、如何设计有创意的字体、版式的主要类型、版式的设计基本原理以及排版原则与相关法则。 | |
| 510 | 1 | @aFont and layout design@zeng |
| 606 | 0 | @a美术字@j教材@x字体@x高等学校@x设计 |
| 606 | 0 | @a版式@j教材@x高等学校@x设计 |
| 690 | @aJ292.13@v5 | |
| 690 | @aTS881@v5 | |
| 701 | 0 | @a刘璐@9liu lu@c(数字媒体)@4编著 |
| 801 | 0 | @aCN@b唐山师范学院图书馆@c20151001 |
| 905 | @aZUCC@dJ292.13@e556 | |
| 字体与版式设计=Font and layout design/刘璐编著.-北京:海洋出版社,2014 |
| 218页:图;25cm+1光盘 |
| 附光盘 |
| ISBN 978-7-5027-8836-0(平装):CNY45.00 |
| 本书主要介绍了字体与版式设计的应用领域、东西方主要文字的字体类型、字体的造型结构、如何设计有创意的字体、版式的主要类型、版式的设计基本原理以及排版原则与相关法则。 |
| ● |
| 相关链接 |
|
|
|
|
正题名:字体与版式设计
索取号:J292.13/556
 
预约/预借
| 序号 | 登录号 | 条形码 | 馆藏地/架位号 | 状态 | 备注 |
| 1 | 904774 | 209047743 | 第一样本阅览室/ [索取号:J292.13/556] | 在馆 | |
| 2 | 904775 | 209047752 | 第一借阅区/ [索取号:J292.13/556] | 在馆 | |
| 3 | 904776 | 209047761 | 第一借阅区/ [索取号:J292.13/556] | 在馆 | |
| 4 | 904777 | 209047770 | 第一借阅区/ [索取号:J292.13/556] | 在馆 | |
| 5 | 904778 | 209047789 | 第一借阅区/ [索取号:J292.13/556] | 在馆 |